Allgemeinwissen 12.0 - Statistiken

Allgemein
  • Dieses Quiz wurde 55 mal gespielt
  • Das Durchschnittsergebnis liegt bei 4 aus 15
Antwortstatistiken
Hint Antwort % Korrekt
Wer war 2021 Bundeskanzler Deutschlands? Olaf Scholz
91%
Wer ist der jetzige Bundeskanzler deutschlands ( 2025) ? Friedrich Merz
78%
Wer war der erste schwarze President von der USA? Barack Obama
63%
Wie heißt die bekannteste Airline der Vereinigten arabischen Emirate? Emirates
63%
Welches Land produziert am meisten Erdöl weltweit? Saudi Arabien
63%
Die Automarke mit dem Löwen? Peugeot
28%
Wie alt ist Donald Trump jetzt? 79 Jahre
15%
Eines der berühmtesten Komponisten aller Zeit? Ludwig van Beethoven
11%
Aus welchem Land stammt Dubai- Schokolade? Vereinigten Arabischen Emirate
7%
Wie hieß eines der bekanntesten Zeppeline überhaupt? Graf Zeppelin
4%
Welches Element besetzt den 50 Platz im Periodensystem? Zinn
2%
Eine Schweizer sehr bekannte Wurst? Cervelat
0%
In welchem Land in Europa ist der höchst-gelegene Flughafen? Samedan, St.Moritz, Schweiz
0%
In welchem Land findet der Fußball Weltcup 2026 statt? Vereinigten Staaten Amerikas
0%
Aus welchen zwei Farben besteht die Flagge Qatars? Weiß, Weinfarben
0%
Keine übereinstimmenden Quizze gefunden
Verteilung der Resultate
Anzahl Personen mit jedem Resultat
Perzentil nach korrekt beantworteten Fragen
Ihre Resultats-Entwicklung
Sie haben dieses Quiz noch nicht gespielt